2 vigías del alba : Florencio del Castillo y José Joaquín de Olmedo /
Spremljeno u:
| Glavni autor: | |
|---|---|
| Format: | Nepoznato |
| Jezik: | Spanish |
| Izdano: |
San José, Costa Rica :
Publicaciones de la Universidad de Costa Rica,
1965.
|
| Serija: | (Serie Literatura y Artes ;
número 6) |
| Teme: | |
| Oznake: |
Dodaj oznaku
Bez oznaka, Budi prvi tko označuje ovaj zapis!
|
MARC
| LEADER | 000000000a22000000004500 | ||
|---|---|---|---|
| 001 | 002572 | ||
| 041 | 0 | |a spa | |
| 082 | 0 | 4 | |a 920 |b R758d |
| 100 | 1 | |a Román, Sergio | |
| 245 | 1 | 0 | |a 2 vigías del alba : |b Florencio del Castillo y José Joaquín de Olmedo / |c Sergio Román. |
| 246 | 3 | |n Dos vigías del alba : Florencio del Castillo y José Joaquín de Olmedo | |
| 260 | 1 | |a San José, Costa Rica : |b Publicaciones de la Universidad de Costa Rica, |c 1965. | |
| 300 | |a 37 páginas | ||
| 490 | 1 | |a (Serie Literatura y Artes ; |v número 6) | |
| 650 | 4 | |a CASTILLO, FLORENCIO DEL PRESBO, 1778-1834 | |
| 650 | 4 | |a OLMEDO, JOSE JOAQUIN DE, 1780-1834 | |
| 650 | 4 | |a LITERATURA Y ESTADO | |
| 650 | 4 | |a LITERATURA Y SOCIEDAD | |
| 650 | 4 | |a LIBERTAD | |
| 999 | |c 8957 |d 8957 | ||
| 942 | |c BK |h 920 R758d |2 z | ||
